00874nam a22002417a 450000500170000001000130001702000210003003500130005103700160006404000120008008200150009210000230010724500480013026000640017827000790024230000260032150000520034765000300039965000260042994200240045599900190047995201340049820170124110152.0 aA-351452 c00.00a812080421 aA-351452 bCen Lib/Ret aDPLbEN a181.4bNAY aNayak, G.C.934261 aPhilosophical referctions /cby G.C. Nayak  aNew Delhi bIndian Council of Philosophical Research c1987 bNew Delhi aUSO house, 6 special institute area, new mahrauli roade110067 aviii, 166p.c21cm(Hb) aIncludes bibliographical references and index  aIndian Philosophy 934262 aIndian origin 934263 2ddccENh181.4mNAY c132299d132299 00104070aLbLd2015-07-22eCen Lib/Retg0.00l1o181.4 NAYpA-351452r2017-12-18 00:00:00s2017-11-30t1v0.00w2015-07-22yEN